000 00734nam a2200289Ia 4500
005 20260324125204.0
008 008 260324s9999 xx 000 0 eng d
020 _a9781351279208
037 _aEBOOK
040 _aCRL
040 _beng
040 _cCRL
041 _2eng
041 _aeng
084 _qCRL
100 _aRaimund Bleischwitz; Paul Welfens; ZhongXiang Zhang
_91177030
245 0 _aSustainable Growth and Resource Productivity
245 0 _bEconomic and Global Policy Issues
260 _bTaylor and Francis
260 _c2009
365 _a
365 _b280
856 _uhttp://www.taylorfrancis.com/books/9781351279208
942 _cEBOOK
999 _c1772064
_d1772064